000 00756nam a2200265Ia 4500
003 OSt
005 20221006150940.0
006 a|||||r|||| 00| 0
007 ta
008 221006b |||||||| |||| 00| 0 jpn d
020 _c¥2800
024 _a20,325
037 _bGift, Japan Foundation
_cTextual
040 _aEASL
_cEASL
_bjpn
041 _2jpn
_ajpn
082 _aX8(A)v42.N8, M5
100 _aUI Jun Ed.
_9658001
245 0 _aGijitsu to sangyo kogai kokusai rengo daigaku (Hakko)
260 _aTokyo
_bTokyo Daigaku Shuppan Kai (Hatsubai) Japan
_c1985
300 _a184p.
_ccm.
490 _v JL
650 _aJL
942 _hX8(A)v42.N8, M5
_cTEXL
_2CC
999 _c1088411
_d1088411